| 000 | 00734nam a22002057a 4500 | ||
|---|---|---|---|
| 003 | OSt | ||
| 005 | 20220531084005.0 | ||
| 007 | ta | ||
| 008 | 201106e1984 dr ||||frg||| 00| 0dspa d | ||
| 040 |
_aDO-SdBNP _bspa _cBNPHU |
||
| 041 | _hspa | ||
| 082 |
_axxx _bG643re |
||
| 240 | _a[Ley] . | ||
| 245 |
_aRecopilación jurisprudencia integrada de las decisones de la Suprema Corte de Justicia de la República Dominicana : _bmateria penal, doce (12) años (1972 - 1983) / _cL. Almánzor González Canahuate , comp. |
||
| 260 |
_aSanto Domingo : _bAlfa y Omega , _c1984 |
||
| 300 |
_a505 pag. ; _c22 cm |
||
| 500 | 0 | _aContiene índice alfabético. | |
| 501 | _aContiene referencia bibliográfica al pié de página. | ||
| 942 |
_2ddc _cLBS1 |
||
| 999 |
_c49111 _d49111 |
||